La metacognition
Αποθηκεύτηκε σε:
| Κύριος συγγραφέας: | |
|---|---|
| Μορφή: | Βιβλίο |
| Γλώσσα: | French |
| Δημοσίευση: |
Paris :
De Boeck,
1997
|
| Έκδοση: | 2e ed. |
| Σειρά: | Pedagogies en developpement,
|
| Θέματα: | |
| Ετικέτες: |
Προσθήκη ετικέτας
Δεν υπάρχουν, Καταχωρήστε ετικέτα πρώτοι!
|
MARC
| LEADER | 00000nam a2200000 i 4500 | ||
|---|---|---|---|
| 001 | 1/82451 | ||
| 008 | 990525s1997 fre d | ||
| 020 | |a 2-8041-2513-0 | ||
| 035 | |l 10051089 | ||
| 040 | |a GR-MY-UA |b gre |e aacr | ||
| 041 | 0 | |a fre | |
| 082 | 0 | |a 153 | |
| 100 | 1 | |a Noel, Bernadette. | |
| 245 | 1 | 3 | |a La metacognition / |c Bernadette Noel |
| 250 | |a 2e ed. | ||
| 260 | |a Paris : |b De Boeck, |c 1997 | ||
| 300 | |a 250 p. | ||
| 490 | 1 | |a Pedagogies en developpement |x 0777-5245 | |
| 650 | 0 | 0 | |a Metacognition. |
| 830 | 0 | |a Pedagogies en developpement, |x 0777-5245 | |
| 852 | |a INST |b RHODES |e 19990525 |h 153 NOE |p 005400015291 |q 005400015291 |t BK |y 0 | ||
| 901 | |a BIBL4-1999-2 | ||
| 909 | |a Ρ |b 064952 |c 1999 | ||
| 922 | |a 4ΕΛΗ |b 199903 |d LEADER | ||